000 00575nam a2200229Ia 4500
003 OSt
005 20221005132812.0
006 a|||||r|||| 00| 0
007 ta
008 221004b |||||||| |||| 00| 0 kan d
024 _a60797
037 _cTextual
040 _aCRL
_cCRL
_bkan
041 _2kan
_akan
082 _aO33,3M25,1, K7
100 _aSutha Bharathi Au.
_9633069
245 0 _aVaidyana magalu
260 _c1967
650 _aKANNAD FICTION
942 _hO33,3M25,1, K7
_cTEXL
_2cc
999 _c1064856
_d1064856